Star Wars: The Clone Wars Episodes - Statistics

General Stats
  • This quiz has been taken 95 times
  • The average score is 50 of 133
Answer Stats
Hint Answer % Correct
A 1 Ambush
71%
A 3 Shadow of Malevolence
68%
A 2 Rising Malevolence
65%
A 5 Rookies
65%
A 4 Destroy Malevolence
61%
G 1 The Bad Batch
58%
A 8 Bombad Jedi
55%
C 3 Supply Lines
55%
D 21 Brothers
52%
C 1 Clone Cadets
52%
A 10 Lair of Grievous
52%
B 5 Landing at Point Rain
52%
D 17 The Box
52%
A 12 The Gungan General
52%
A 17 Blue Shadow Virus
48%
D 7 Darkness on Umbara
48%
A 11 Dooku Captured
48%
A 6 Downfall of a Droid
48%
A 7 Duel of the Droids
48%
B 1 Holocron Heist
48%
A 22 Hostage Crisis
48%
G 12 Victory and Death
48%
D 1 Water War
48%
C 2 ARC Troopers
45%
D 20 Bounty
45%
B 17 Bounty Hunters
45%
B 3 Children of the Force
45%
B 9 Grievous Intrigue
45%
A 13 Jedi Crash
45%
D 22 Revenge
45%
A 19 Storm Over Ryloth
45%
C 18 The Citadel
45%
B 10 The Deserter
45%
E 16 The Lawless
45%
E 20 The Wrong Jedi
45%
C 14 Witches of the Mist
45%
E 11 A Sunny Day in the Void
42%
D 10 Carnage of Krell
42%
C 17 Ghosts of Mortis
42%
C 10 Heroes on Both Sides
42%
B 11 Lightsaber Lost
42%
C 13 Monster
42%
A 18 Mystery of a Thousand Moons
42%
C 12 Nightsisters
42%
C 21 Padawan Lost
42%
B 21 R2 Come Home
42%
B 12 The Mandalore Plot
42%
G 2 A Distant Echo
39%
C 16 Altar of Mortis
39%
F 5 An Old Friend
39%
B 8 Brain Invaders
39%
B 16 Cat and Mouse
39%
A 9 Cloak of Darkness
39%
C 5 Corruption
39%
D 15 Deception
39%
A 14 Defenders of Peace
39%
A 21 Liberty on Ryloth
39%
E 1 Revival
39%
A 16 The Hidden Enemy
39%
E 2 A War on Two Fronts
35%
B 2 Cargo of Doom
35%
D 18 Crisis on Naboo
35%
B 20 Death Trap
35%
B 14 Duchess of Mandalore
35%
C 9 Hunt for Ziro
35%
A 20 Innocents of Ryloth
35%
G 3 On the Wings of Keeradaks
35%
C 6 The Academy
35%
F 8 The Disappeared, Part I
35%
F 9 The Disappeared, Part II
35%
E 6 The Gathering
35%
F 6 The Rise of Clovis
35%
B 18 The Zillo Beast
35%
E 19 To Catch a Jedi
35%
B 13 Voyage of Temptation
35%
B 6 Weapons Factory
35%
F 2 Conspiracy
32%
D 13 Escape from Kadavo
32%
B 7 Legacy of Terror
32%
D 19 Massacre
32%
D 6 Nomad Droids
32%
G 9 Old Friends Not Forgotten
32%
F 4 Orders
32%
C 15 Overlords
32%
G 10 Phantom Apprentice
32%
E 17 Sabotage
32%
F 13 Sacrifice
32%
E 15 Shades of Reason
32%
D 4 Shadow Warrior
32%
G 11 Shattered
32%
D 12 Slaves of the Republic
32%
C 4 Sphere of Influence
32%
E 4 The Soft War
32%
A 15 Trespass
32%
F 11 Voices
32%
C 22 Wookiee Hunt
32%
E 9 A Necessary Bond
29%
C 7 Assassin
29%
C 20 Citadel Rescue
29%
C 19 Counter Attack
29%
F 12 Destiny
29%
E 14 Eminence
29%
C 8 Evil Plans
29%
D 16 Friends and Enemies
29%
D 2 Gungan Attack
29%
D 11 Kidnapped
29%
B 22 Lethal Trackdown
29%
D 5 Mercy Mission
29%
D 3 Prisoners
29%
C 11 Pursuit of Peace
29%
B 15 Senate Murders
29%
D 8 The General
29%
E 18 The Jedi Who Knew Too Much
29%
F 10 The Lost One
29%
B 19 The Zillo Beast Strikes Back
29%
E 5 Tipping Points
29%
D 14 A Friend in Need
26%
E 7 A Test of Strength
26%
E 8 Bound for Rescue
26%
F 7 Crisis of the Heart
26%
E 3 Front Runners
26%
F 3 Fugitive
26%
G 5 Gone with a Trace
26%
E 12 Missing in Action
26%
D 9 Plan of Dissent
26%
E 10 Secret Weapons
26%
B 4 Senate Spy
26%
F 1 The Unknown
26%
G 4 Unfinished Business
26%
E 13 Point of No Return
23%
G 8 Together Again
19%
G 7 Dangerous Debt
16%
G 6 Deal No Deal
16%
No matching quizzes found
Score Distribution
Percent of People with Each Score
Percentile by Number Answered
Your Score History
You have not taken this quiz